Science Quiz

Random Science or Astronomy Quiz

Solar System Object by Moon Quiz Stats

 Plays Quiz Updated Dec 22, 2011

Score 0/20 Timer 03:00
1 Play Today
Moon(s) Answer % Correct
Io, EuropaJupiter
97%
The MoonEarth
78.7%
Deimos, PhobosMars
77.4%
Titan, RheaSaturn
77%
Triton, NereidNeptune
75.5%
Ganymede, CallistoJupiter
55.4%
Titania, OberonUranus
53.5%
CharonPluto
53.3%
Nix, HydraPluto
46.6%
Mimas, HyperionSaturn
40.9%
Moon(s) Answer % Correct
Iapetus, DioneSaturn
39.4%
Phoebe, PandoraSaturn
39.2%
Miranda, PuckUranus
38.2%
Umbriel, ArielUranus
36.7%
Tethys, EnceladusSaturn
36.5%
Himalia, ThebeJupiter
31.2%
DysnomiaEris
13.9%
Namaka, Hi'iakaHaumea
7.4%
DactylIda
4.9%
WeywotQuaoar
4%

You're not logged in!

Compare scores with friends on all Sporcle quizzes.
OR
Log In

Sporcle TV

Today on Sporcle TV


Watch our educational content, quiz creation guides, and fun videos on Sporcle TV.

Show Comments

Extras

Top Quizzes Today


Score Distribution

Your Account Isn't Verified!

In order to create a playlist on Sporcle, you need to verify the email address you used during registration. Go to your Sporcle Settings to finish the process.

Report this User

Report this user for behavior that violates our Community Guidelines.

Details: